000 00983nam0a22002651 4500
001 v19\rc\1403591
005 20250618115736.0
035 _a(NLR Aleph) 004557711
090 _a2232045
_c2232045
100 _a20060512d1874 |||y0rusy50 ca
101 0 _arus
102 _aRU
105 _ay z |||c|
200 1 _aКраткий очерк русской этимологии
_e(Пер. граммат. правил первых двух курсов кн. "Praktischer Leitfaden zum Erlernen der russischen Sprache von J. Pihlemann" изд. 6-е)
210 _aРевель
_cФ. Клуге
_d1874
215 _a[2], VI, 88 с.
_d21
604 _150010$aPraktischer Leitfaden zum Erlernen der russischen Sprache
_1700#1$aPihlemann$bJ.
700 1 _aПилеман
_bИ.П.
_gИван Петрович
801 0 _aRU
_bNLR
_gpsbo
801 0 _aRU
_bRuMoRGB
_2psbo
801 1 _aRU
_bProSoft-M
_2rusmarc
852 _aNLR
_j18.109.8.483
899 _aБАН
942 _cBOOK
980 _aNB